000 00983nam a22003137a 4500
003 CHAP
005 20220329141531.0
008 971013s1985 r 10010 d
010 _a69748
011 _a70720
035 _a80273
040 _cCHAP
082 _a361
_bJ6
111 0 0 _aJornada de Reflexión sobre el Servicio Social de la UAM-Xochimilco en el Campo (
_d1985
_c: México, D. F.)
_962131
245 _aMemorias
260 _aMéxico D.F. :
_bUAM. Xochimilco,
_c1985
300 _a192 p.
490 _aCuadernos de servicio social
500 _aD18-28
590 _aBATCH-UPD
_b10
_c20130110
_lUCH01
_h0426
590 _aBATCH-UPD
_b10
_c20130410
_lUCH01
_h0101
590 _aBATCH-UPD
_b10
_c20130914
_lUCH01
_h1109
590 _aCONVERSION
_b10
_c20130109
_lUCH01
_h1338
650 1 4 _aServicio social rural.
_9105320
830 0 _aCuadernos de servicio social
_929820
901 _aBK
942 _cLIBRO
949 _a361 J6
_bBC
_cCONG
_d-33175
_eCONG
_h71567
_i80273
_si
999 _c69748
_d69748